000
00300nam a22001097a 4500
040
_c
338
082
_a
338 ROB 1986 C083
245
_a
Skimming the water : erent-seeking and the performance of public irrigation systems
260
_a
Phnom Penh
_b
ROB
_c
1986
300
_a
47p.
_b
ill.
_c
29cm.
942
_c
EK
999
_c
11066
_d
11066